National intergration (Record no. 421010)

000 -LEADER
fixed length control field 00379cam a22001217a 4500
008 - FIXED-LENGTH DATA ELEMENTS--GENERAL INFORMATION
fixed length control field 180718b1972 xxu||||| |||| 00| 0 eng d
082 ## - DEWEY DECIMAL CLASSIFICATION NUMBER
Classification number B262X54 In7
100 ## - MAIN ENTRY--PERSONAL NAME
Personal name Institute of Indo-middle east
245 ## - TITLE STATEMENT
Title National intergration
Statement of responsibility, etc. by Institute of Indo-middle east
260 ## - PUBLICATION, DISTRIBUTION, ETC.
Place of publication, distribution, etc. Hyderabad
Name of publisher, distributor, etc. Institute of Indo-middle east
Date of publication, distribution, etc. 1972
300 ## - PHYSICAL DESCRIPTION
Extent v, 302p
650 ## - SUBJECT ADDED ENTRY--TOPICAL TERM
Topical term or geographic name entry element Nationalism --India.
Holdings
Withdrawn status Lost status Damaged status Not for loan Permanent Location Current Location Date acquired Full call number Barcode Date last seen Price effective from Koha item type
        Indian Institute of Public Administration Indian Institute of Public Administration 2009-07-23 B262X54 In7 50358 2018-07-21 2018-07-21 Book

Powered by Koha